Biblioteca

Nuevas alternativas de educación teológica / C. René Padilla, Editor (Registro nro. 40975)

Detalles MARC
000 -LÍDER
Campo fijo de descripción fija 011080000a22001930004500
001 - NÚMERO DE CONTROL
Campo de control 11914
020 ## - NÚMERO INTERNACIONAL NORMALIZADO PARA LIBROS
Número Internacional Normalizado del libro 0-8028-0904-9
041 0# - CÓDIGO DE IDIOMA
Código de idioma para texto/pista de sonido o título separado
082 04 - NÚMERO DE CLASIFICACIÓN DECIMAL DEWEY
Número de clasificación G 268.401 P1237n
245 10 - TÍTULO
Título del Material Nuevas alternativas de educación teológica / C. René Padilla, Editor
260 ## - PUBLICACIÓN, DISTRIBUCIÓN, ETC. (PIE DE IMPRENTA)
Lugar de publicación, distribución, etc. Buenos Aires, Argentina : Nueva Creación
300 ## - DESCRIPCIÓN FÍSICA
Extensión 136 Pag
336 ## - CONTENT TYPE
Content type term texto
Content type code txt
Source rdacontent
337 ## - MEDIA TYPE
Source rdamedia
Media type term sin mediación
Media type code n
338 ## - CARRIER TYPE
Source rdacarrier
Carrier type term volumen
Carrier type code nc
505 00 - NOTA DE CONTENIDO
Nota de contenido con formato preestablecido Educación, Teología y Misión. Orlando E. Costasv La búsqueda de nuevos modelos de educación teológica. J. Norberto Saracco La educación teológica por extensión. Jorge E. Maldonado Modelos históricos de educación teológica. Sidney Rooy El problema del currículo. Emilio A. Núñez C La metodología en la educación teológica. Rolando Gutiérrez Cortés La educación teológica no-formal. Washington Padilla La educación teológica para sectores marginados autóctonos. Rubén Paredes
650 14 - ASIENTO SECUNDARIO DE MATERIA - TERMINO TEMÁTICO
Término temático o nombre geográfico como elemento de entrada EDUCACION CRISTIANA - TEOLOGIA \ TEOLOGIA - ENSEÑANZA - AMERICA LATINA \ EVANGELICALISMO - AMERICA LATINA
942 ## - TIPO DE MATERIAL (KOHA)
Tipo de Item KOHA Libros General
Existencias
Estado de Material Estado de Perdido Estado de Dañado No para Préstamo Colección Tomo Biblioteca de Origen Biblioteca Permanente Fecha de Adquisición Total de Préstamos Total de Renovaciones Signatura Topográfica Código de Barras Última vez visto Última vez Préstado Ejemplar/Existencia Fecha de Remplazo Tipo de Material
        Colección General   Biblioteca FUSBC Biblioteca FUSBC 16/02/2005 3 2 G 268.401 P1237n 12890 24/10/2025 08/10/2025 1 26/01/2016 Libros General

Biblioteca FUSBC | Teléfono: (57+4) 349 88 10 Ext. 141| WhatsApp (+57) 3005338115 
E-mail: biblioteca@unisbc.edu.co | Calle 76 87-14 Robledo Palenque, Medellín, Colombia

Con tecnología Koha